Tilastot visalle Tunnista lintulaji nokasta 1

Klikkaa tästä pelataksesi tätä visaa!

Yleistilastot

  • Tätä visaa on pelattu 94 kertaa
  • Keskiarvotulos 8 / 16

Vastaustilastot

Vastaus% Oikein
Maakotka
95%
Avosetti
78%
Nokkavarpunen
78%
Palokärki
61%
Punajalkaviklo
57%
Pähkinähakki
51%
Amerikantukkasotka
49%
Metso
49%
Pohjankiisla
46%
Pikkutiira
46%
Suula
45%
Jalohaikara
41%
Isolepinkäinen
41%
Kuningaskalastaja
34%
Luhtakana
26%
Amerikanjääkuikka
15%

Tulosjakauma

Persentiili vastausten määrän mukaan

Jokaisen tuloksen saaneiden osuus

Tuloshistoriasi

Et ole pelannut tätä visaa